000 00352nam a22001577a 4500
003 MACL
005 20151122142219.0
008 151122b xxu||||| |||| 00| 0 eng d
040 _cMACL
041 _aEnglish
082 _a800/SID
100 _aSiddiqui,M.K.A.
_917950
245 _aMuslims in India
650 _aArticle
_917951
942 _2ddc
_cBK
999 _c50941
_d50941